Condiciones laborales de las y los trabajadores sociales en Colombia : (Registro nro. 42124)

Detalles MARC
000 -LEADER
fixed length control field 01388nam a2200277 a 4500
005 - DATE AND TIME OF LATEST TRANSACTION
control field 20250429224203.0
008 - FIXED-LENGTH DATA ELEMENTS--GENERAL INFORMATION
fixed length control field 071218s2021 ag a gr 000 0 spa d
020 ## - INTERNATIONAL STANDARD BOOK NUMBER
International Standard Book Number 9789585915138
040 ## - CATALOGING SOURCE
Original cataloging agency CO-CtgCURN
Language of cataloging spa
Transcribing agency coctgcurn
043 ## - GEOGRAPHIC AREA CODE
Geographic area code s-co---
082 04 - DEWEY DECIMAL CLASSIFICATION NUMBER
Classification number 361.3
Item number C755
Edition information 21
110 2# - MAIN ENTRY--CORPORATE NAME
Corporate name or jurisdiction name as entry element Consejo Nacional de Trabajo Social y Conets.
245 10 - TITLE STATEMENT
Title Condiciones laborales de las y los trabajadores sociales en Colombia :
Remainder of title investigación realizada entre 2020 y 2021 /
Statement of responsibility, etc. Equipo de trabajo Guillermo Antonio Correa Montoya; Nora Eugenia Muñoz Franco; Diego Enrique Vélez Gómez.
260 3# - PUBLICATION, DISTRIBUTION, ETC.
Place of publication, distribution, etc. Bogotá :
Name of publisher, distributor, etc. Consejo Nacional de Trabajo Social,
Date of publication, distribution, etc. 2021.
300 ## - PHYSICAL DESCRIPTION
Extent 196 páginas :
Other physical details ilustrado con cuadros estadísticos ;
Dimensions 20 cm.
504 ## - BIBLIOGRAPHY, ETC. NOTE
Bibliography, etc. note Incluye bibliografías p.166.
650 #0 - SUBJECT ADDED ENTRY--TOPICAL TERM
Topical term or geographic name entry element Trabajadores sociales
General subdivision Condiciones sociales
Geographic subdivision Colombia.
650 #0 - SUBJECT ADDED ENTRY--TOPICAL TERM
Topical term or geographic name entry element Trabajadores sociales
General subdivision Condiciones econm̤icas
Geographic subdivision Colombia.
650 #0 - SUBJECT ADDED ENTRY--TOPICAL TERM
Topical term or geographic name entry element Trabajo social
Geographic subdivision Colombia.
700 1# - ADDED ENTRY--PERSONAL NAME
Personal name Correa Montoya, Guillermo Antonio,
Relator term director.
700 1# - ADDED ENTRY--PERSONAL NAME
Personal name Muñoz Franco, Nora Eugenia,
Relator term coordinadora.
700 1# - ADDED ENTRY--PERSONAL NAME
Personal name Vélez Gómez, Diego Enrique,
Relator term estadístico.
856 7# - ELECTRONIC LOCATION AND ACCESS
Uniform Resource Identifier <a href="https://www.consejonacionaldetrabajosocial.org.co/condiciones-laborales-de-las-y-los-trabajadores-sociales-en-colombia/">https://www.consejonacionaldetrabajosocial.org.co/condiciones-laborales-de-las-y-los-trabajadores-sociales-en-colombia/</a>
942 ## - ADDED ENTRY ELEMENTS (KOHA)
Source of classification or shelving scheme Dewey Decimal Classification
Institution code [OBSOLETE] MHC
Koha item type Libros
Classification part 361.3
Item part C755
Existencias
Withdrawn status Lost status Source of classification or shelving scheme Damaged status Not for loan Collection Home library Current library Shelving location Source of acquisition Inventory number Total checkouts Full call number Barcode Date last seen Copy number Price effective from Koha item type Public note
    Dewey Decimal Classification     General Miguel Henríquez Castañeda Miguel Henríquez Castañeda General 35000 023858   361.3 C755 023858 04/29/2025 ej.1 04/29/2025 Libros 360-SER.SO